| Tag |
First Indicator |
Second Indicator |
Subfields |
| LEADER |
00000cam a2200000 4500 |
| 001 |
in00000325021 |
| 005 |
20151011050638.0 |
| 008 |
750318s1961 nyua b 00000 eng |
| 010 |
|
|
|a 61010009
|
| 035 |
|
|
|a (OCoLC)01222556
|
| 035 |
|
|
|9 ABK2783AM
|
| 040 |
|
|
|c TOL
|d TXA
|d UtOrBLW
|
| 049 |
|
|
|a TXAM
|c 1 [419866]
|c 2 [347916]
|
| 050 |
|
0 |
|a QA403
|b .B3
|
| 082 |
0 |
|
|a 510.782
|
| 100 |
1 |
|
|a Barber, N. F.
|q (Norman Frederick)
|
| 245 |
1 |
0 |
|a Experimental correlograms and Fourier transforms.
|
| 264 |
|
1 |
|a Oxford, New York :
|b Pergamon Press,
|c 1961.
|
| 300 |
|
|
|a 136 pages :
|b illustrations ;
|c 22 cm.
|
| 336 |
|
|
|a text
|b txt
|2 rdacontent
|
| 337 |
|
|
|a unmediated
|b n
|2 rdamedia
|
| 338 |
|
|
|a volume
|b nc
|2 rdacarrier
|
| 490 |
0 |
|
|a International tracts in computer science and technology and their application, v. 5
|
| 504 |
|
|
|a Includes bibliography.
|
| 536 |
|
|
|a From the library of Dr. Takashi Ichiye, May 2004.
|
| 650 |
|
0 |
|a Fourier transformations.
|
| 650 |
|
0 |
|a Analog computers.
|
| 650 |
|
0 |
|a Graphic methods.
|
| 740 |
0 |
|
|a Correlograms and Fourier transforms.
|
| 999 |
|
|
|a MARS
|
| 999 |
f |
f |
|s c6b636dc-41ab-3dbc-a003-43b08a8f424e
|i fb51da9b-3e93-367b-9913-57b2b9e15bbc
|t 0
|
| 952 |
f |
f |
|p ric
|a Texas A&M University
|b Rellis Campus
|c Joint Library Facility
|s JLF
|d Remote Storage
|t 0
|e QA403 .B3
|h Library of Congress classification
|i unmediated -- volume
|m A14842271257
|
| 998 |
f |
f |
|a QA403 .B3
|t 0
|l Remote Storage
|